00485nam a2200169 a 4500008004100000020001500041050001400056100002400070245009300094246001800187250001300205260002600218300002000244350000900264650001500273650002700288120416s1964 ||||||||||||||||| || u a0582607051 aB 181 Lew aLewes, George Henry14aThe biographical history of philosophy from its origin in Greece down to the present day aJ. S. Farrant aRev. ed. aLondonbLongmanc1964 ax, 414p. : ill. a0.00 aPHILOSOPHY aEVOLUTION-- PHILOSOPHY